El profesor ante la integración escolar: investigación y formación

Tallennettuna:
Bibliografiset tiedot
Päätekijä: Parrilla latas, Angeles (autora)
Aineistotyyppi: Kirja
Kieli:espanja
Julkaistu: Buenos Aires Cincel 1992
Sarja:Investigación y Formación del Profesorado, 4
Aiheet:
Tagit: Lisää tagi
Ei tageja, Lisää ensimmäinen tagi!

MARC

LEADER 00000nam a2200000 a 4500
001 UCL0864
003 CL-VaPUC
008 030825e19920000AG |||||||||||||||||spa|d
020 |a 8470464876 
082 0 4 |a 306.43  |b PAR  |2 21 
100 |a Parrilla latas, Angeles  |e autora  |9 477590 
245 1 3 |a El profesor ante la integración escolar: investigación y formación 
300 |a 213 p 
942 |c BK 
945 |d 20030825 00:00:00  |a cmena 
260 |a Buenos Aires  |b Cincel  |c 1992 
650 0 |a Sociología de la educación   |9 260380 
650 0 |a Integración social  |9 319662 
650 0 |a Formación profesional de profesores  |9 307493 
650 0 |a Investigación educacional   |9 261192 
583 |a last modification  |c 20030825 00:00:00  |k Rodrigo Vera 
490 0 |a Investigación y Formación del Profesorado, 4 
999 |c 304590  |d 304588 
952 |0 0  |1 0  |4 0  |6 306_430000000000000_PAR_1992  |7 0  |8 A  |9 367042  |a BIBEDU  |b BIBEDU  |d 2019-11-21  |i 3932486  |o 306.43 PAR 1992  |p 3932486  |r 2019-11-21  |w 2019-11-21  |y BK  |k EPE 
952 |0 0  |1 0  |4 0  |6 306_430000000000000_PAR_1992  |7 0  |8 A  |9 367043  |a BIBEDU  |b BIBEDU  |d 2019-11-21  |i 4033086  |o 306.43 PAR 1992  |p 4033086  |r 2019-11-21  |w 2019-11-21  |y BK  |k EBA